Science Quiz

Random Science or Animal Quiz

South East Asian Top 10 Predators Quiz Stats

 Plays Quiz not verified by Sporcle

Challenge
Share
Tweet
Embed
Score 0/10 Timer 05:00
0 Plays Today
Animal % Correct
Bengal Tiger
61.3%
Komodo Dragon
40%
King Cobra
28%
Esturine Crocodile
25.3%
Sumatran Tiger
22.7%
Clouded Leopard
21.3%
Malayan Sun Bear
9.3%
Russell's Viper
5.3%
Malayan Krait
1.3%
Sumatran Pit Viper
1.3%

You're not logged in!

Compare scores with friends on all Sporcle quizzes.
OR
Log In

You Might Also Like...

Show Comments

Extras

Top Quizzes Today


Score Distribution

Your Account Isn't Verified!

In order to create a playlist on Sporcle, you need to verify the email address you used during registration. Go to your Sporcle Settings to finish the process.

Report this User

Report this user for behavior that violates our Community Guidelines.

Details: